| 000 | 01323cam a2200445 a 4500 | ||
|---|---|---|---|
| 001 | 16199792 | ||
| 003 | OSt | ||
| 005 | 20140310182853.0 | ||
| 008 | 100422s2009 ph a 000 0ceng | ||
| 010 | _a 2010338368 | ||
| 020 | _a9789719222187 | ||
| 040 |
_aDLC _cDLC _dDLC |
||
| 042 |
_alcode _apcc |
||
| 043 | _aa-ph--- | ||
| 050 | 0 | 0 |
_aDS653.7 _b.D278 2009 |
| 082 |
_aFIL 306.409599 _bD37 2009 |
||
| 100 | 1 | _aDe la Torre, Visitacion R. | |
| 245 | 1 | 0 |
_aOutstanding Filipino achievers / _cde la Torre, Visitacion |
| 260 |
_aLas PiƱas City, Philippines : _bSouthville International School and Colleges, _cc2009. |
||
| 300 |
_a408 p. : _bill. (chiefly col.) ; _c31 cm. |
||
| 521 | _aCollege Students | ||
| 526 | _c1210L to 1700L | ||
| 541 | _j1 | ||
| 541 | _j2 | ||
| 541 | _j3 | ||
| 541 | _j4 | ||
| 541 | _j5 | ||
| 541 | _j6 | ||
| 541 | _j7 | ||
| 541 | _j8 | ||
| 541 | _j9 | ||
| 541 | _j10 | ||
| 562 | _eFor Circulation. 10 copy available in the collection | ||
| 650 | 0 |
_aSuccessful people _zPhilippines _vBiography. |
|
| 651 | 0 |
_aPhilippines _vBiography. |
|
| 700 | 1 | _aLedesma, Genevieve V. | |
| 906 |
_a7 _bcbc _corigode _d3 _encip _f20 _gy-gencatlg |
||
| 942 |
_2lcc _cBK _kFIL |
||
| 999 |
_c17002 _d17002 |
||